Central Library OPAC University of Rajshahi

Advanced level pure mathematics / (Record no. 6056)

MARC details
000 -LEADER
fixed length control field 00743cam a22002531 4500
001 - CONTROL NUMBER
control field 6056
003 - CONTROL NUMBER IDENTIFIER
rucl marc code BD-RjUL
005 - DATE AND TIME OF LATEST TRANSACTION
control field 20211208234157.0
008 - FIXED-LENGTH DATA ELEMENTS--GENERAL INFORMATION
fixed length control field 14 r19611953enka 001 0 eng
035 ## - SYSTEM CONTROL NUMBER
System control number (BD-RjUL)6095
System control number (OCoLC)3125400
040 ## - CATALOGING SOURCE
Original cataloging agency DLC
Transcribing agency FMFIU
Modifying agency OCoLC
-- Uk
-- DLC
-- BD-RjUL
Language of cataloging eng
041 ## - LANGUAGE CODE
Language code of text/sound track or separate title eng
082 04 - DEWEY DECIMAL CLASSIFICATION NUMBER
Edition number 16
Classification number 510
Author mark and year TRA 1961
100 1# - MAIN ENTRY--PERSONAL NAME
Personal name Tranter, C. J.
Fuller form of name (Clement John)
9 (RLIN) 19041
245 10 - TITLE STATEMENT
Title Advanced level pure mathematics /
Statement of responsibility, etc. C.J. Tranter.
260 ## - PUBLICATION, DISTRIBUTION, ETC. (IMPRINT)
Place of publication, distribution, etc. London :
Name of publisher, distributor, etc. English Universities Press,
Date of publication, distribution, etc. 1953 [Impression 1955-1961].
300 ## - PHYSICAL DESCRIPTION
Pagination 420 p. :
Illustrations ill. ;
Size 22 cm.
490 10 - SERIES STATEMENT
Series statement Physical science texts
504 ## - BIBLIOGRAPHY, ETC. NOTE
Bibliography, etc Includes index.
650 #0 - SUBJECT ADDED ENTRY--TOPICAL TERM
Topical term or geographic name as entry element Mathematics.
9 (RLIN) 19042
942 ## - ADDED ENTRY ELEMENTS (KOHA)
Source of classification or shelving scheme Dewey Decimal Classification
Koha item type Books
Holdings
Lost status Source of classification or shelving scheme Damaged status Not for loan Collection code Permanent Location Current Location Shelving location Date acquired Source of acquisition Cost, normal purchase price Total Checkouts Full call number Date last seen Copy number Koha item type
  Dewey Decimal Classification     Non-fiction Central Library, University of Rajshahi Central Library, University of Rajshahi   25/01/1963 Zeitlinger 25.00   510 TRA 1961 08/01/2014 C-3 Books
  Dewey Decimal Classification     Non-fiction Central Library, University of Rajshahi Central Library, University of Rajshahi   29/09/1962 Eng. U. P. Ltd 25.00   510 TRA 1961 18/01/2014 C-2 Books
  Dewey Decimal Classification     Non-fiction Central Library, University of Rajshahi Central Library, University of Rajshahi   14/03/1973 British council     510 TRA 1960 24/08/2016 C-4 Books
  Dewey Decimal Classification     Non-fiction Central Library, University of Rajshahi Central Library, University of Rajshahi   14/03/1973 B. H. Blackwell 1.55   510 TRA 1953 24/08/2016 C-5 Books
  Dewey Decimal Classification     Non-fiction Central Library, University of Rajshahi Central Library, University of Rajshahi   09/12/1978 W.U.S     510 TRA 1963 24/08/2016 C-6 Books